| 000 | 00636aam a2200241 4500 | ||
|---|---|---|---|
| 005 | 20250812174146.0 | ||
| 008 | 150605b2002 xxu||||| |||| 00| 0 spa d | ||
| 020 | _a9788449312731 | ||
| 041 | _aESP | ||
| 082 | _a362.8292 G216v | ||
| 100 |
_aGracia Fuster, Enrique _923709 |
||
| 245 | _aLas víctimas invisibles de la violencia familiar | ||
| 260 | _aEspaña | ||
| 260 | _bPaidos | ||
| 260 | _c2002 | ||
| 300 | _a129 páginas | ||
| 490 | _aInvestigación Criminal | ||
| 650 | _aVIOLENCIA FAMILIAR | ||
| 650 | _aMALTRATO INTRAFAMILIAR | ||
| 650 | _aMALTRATO INFANTIL | ||
| 650 | _aMALTRATO DE ANCIANOS | ||
| 942 |
_cBK _2ddc |
||
| 999 |
_c1204 _d1204 |
||